000 00652nam a2200265Ia 4500
003 OSt
005 20221006142607.0
006 a|||||r|||| 00| 0
007 ta
008 221006b |||||||| |||| 00| 0 eng d
020 _c
_7.50
024 _a6,709
037 _cTextual
040 _aEASL
_cEASL
_beng
041 _2eng
_aeng
082 _aY:6.41.N58, J8
100 _aDE BEAUVOIR Simone
245 0 _aLong march
260 _aCleveland
_bWorld Publishing
_c1958
300 _a513p.
_ccm.
490 _v CEL
650 _aCEL
942 _hY:6.41.N58, J8
_cTEXL
_2CC
999 _c1074795
_d1074795